000 00391nam a2200145Ia 4500
008 100122s9999 xx 000 0 und d
082 _b12566
_a823
100 _aसाठे अण्णाभाऊ
245 _aवैर
260 _bनवमहाराष्ट्र प्रकाशन
_c1964
300 _a112
630 _aवैर
730 _aवैर
942 _cBOOK
999 _c403684
_d403681